|
|
|
|
| LEADER |
02129cas a2200241 a 4500 |
| 001 |
AALejournalIMF019348 |
| 008 |
230101c9999 xx r poo 0 0eng d |
| 020 |
|
|
|c 5.00 USD
|
| 020 |
|
|
|z 9781498315821
|
| 022 |
|
|
|a 1018-5941
|
| 040 |
|
|
|a BD-DhAAL
|c BD-DhAAL
|
| 100 |
1 |
|
|a Lee, Dongyeol.
|
| 245 |
1 |
0 |
|a Transmission of Domestic and External Shocks through Input-Output Network :
|b Evidence from Korean Industries /
|c Dongyeol Lee.
|
| 264 |
|
1 |
|a Washington, D.C. :
|b International Monetary Fund,
|c 2019.
|
| 300 |
|
|
|a 1 online resource (25 pages)
|
| 490 |
1 |
|
|a IMF Working Papers
|
| 500 |
|
|
|a <strong>Off-Campus Access:</strong> No User ID or Password Required
|
| 500 |
|
|
|a <strong>On-Campus Access:</strong> No User ID or Password Required
|
| 506 |
|
|
|a Electronic access restricted to authorized BRAC University faculty, staff and students
|
| 520 |
3 |
|
|a In the last two decades, manufacturing industries in Korea have become more concentrated, and interconnectedness across industries and to foreign countries has risen via vertical relationships and trade linkages. This paper investigates the transmission of economic shocks in such a highly concentrated and interconnected structure, focusing on the role of vertical and trade linkages and using the industry-level international input-output data. The results suggest that, first, the role of vertical and trade linkages in propagating growth shocks from both domestic sources and external sources is important. Second, the growth impact of a few key sources of economic shocks is relatively large. These findings highlight that economic shocks in a few key industries and/or major trading partners that are transmitted through vertical and trade linkages can lead to large swings in the overall economy. This paper contributes to the understanding of the potential interactions between the industrial structure and economic growth and stability.
|
| 538 |
|
|
|a Mode of access: Internet
|
| 830 |
|
0 |
|a IMF Working Papers; Working Paper ;
|v No. 2019/117
|
| 856 |
4 |
0 |
|z Full text available on IMF
|u http://elibrary.imf.org/view/journals/001/2019/117/001.2019.issue-117-en.xml
|z IMF e-Library
|